Statistics for Armenian Alphabet Quiz

Click here to take the quiz!

General Stats

  • This quiz has been taken 213 times
  • The average score is 21 of 40

Answer Stats

HintAnswer% Correct
Ա աAyb
99%
Բ բBen
93%
Ե եYech’
84%
Գ գGim
81%
Դ դDa
76%
Է էĒ
73%
Զ զZa
72%
Լ լLyun
66%
Ի իIni
64%
Թ թT’o
63%
Օ օO
59%
Ը ըËt’
56%
Հ հHo
56%
Մ մMen
54%
Կ կCen
53%
Ն նNou
53%
Ր րRe
53%
Ս սSe
53%
Տ տTiun
53%
Ո ոVo
53%
Պ պPe
50%
Յ յYi
50%
Փ փP’jowr
47%
Ռ ռRa
47%
Վ վVev
46%
Ձ ձDza
45%
Խ խKhe
44%
ուOw
44%
Շ շSha
44%
Ծ ծTsa
44%
Ֆ ֆFe
41%
Ղ ղGhad
41%
Ք քK’e
41%
Չ չCh’a
40%
Ց ցTs’o
40%
ևJew
39%
Ջ ջJe
35%
Ժ ժZhe
33%
Ճ ճChe
30%
Ւ ւVyur
27%

Score Distribution

Percentile by Number Answered

Percent of People with Each Score

Your Score History

You have not taken this quiz